000 00429nam a2200145Ia 4500
008 100122s9999 xx 000 0 und d
082 _b56137
_a821
100 _aसप्रे मधुवंती
245 _aऋतुमंजिरी
260 _bसंवेदना प्रकाशन
_c1999
300 _a60
630 _aऋतुमंजिरी
730 _aऋतुमंजिरी
942 _cBOOK
999 _c432631
_d432628